01777nam a22002777a 450000500170000000800410001704000400005804100080009824500510010626000500015730000390020750001740024650501000042050501530052050802280067351101400090158601420104165000560118365000260123965000270126565000170129270000310130971000230134085600890136385600470145220140410171920.0130821s1994 xx g q mleng d aCO-BoUCMbspacOscar Anayad[Nuevo] aspa00aForrest GumpcRobert Zemeckis, directorh[DVD] a[Lugar desconocido]bParamount Picturesc1994 a2 DVD, 142 minutosbsonido, imagen aSINOPSIS: Forrest Gump, aunque no es inteligente, ha estado accidentalmente presente en muchos momentos históricos, pero su verdadero amor, Jenny Curran, se le escapa.0 aV.1: Comentario por el director Robert Zemeckis, el productor y el diseñador de producción.0 aV.2: A través de los ojos de Forrest Gump - documental. La magia del maquillaje. A través de los oídos de Forrest Gump - diseño de sonido. aCRÉDITOS: Dirigida por Robert Zemeckis; producida por Wendy Finerman, Steve Tisch, Steve Starkey ; screenplay por Eric Roth; Director de fotografía, Don Burgess; editada por Arthur Schmidt ; música por Alan Silvestri.1 aREPARTO: Tom Hanks, Rebecca Williams, Sally Field, Harold G. Herthum, George Kelly, Bob Penny, John Randall, Sam Anderson, Margo Moorer aGanadora de seis premios de la Academia (mejor película, actor en papel principal, director, guion adaptado, montaje, efectos visuales)04aPelículas cinematográficaszEstados UnidosvDVD04aDrama en el cinevDVD04aEnfermos mentalesvDVD04aSociología1 aZemeckis, Robertedirector2 aParamount Pictures04uhttp://www.youtube.com/watch?v=bLvqoHBptjgzSiga este vínculo para ver el trailer.40uhttp://www.youtube.com/watch?v=bLvqoHBptjg